Brunner and Suddarth's textbook of medical-surgical nursing. (Record no. 44134)
[ view plain ]
| 001 - CONTROL NUMBER | |
|---|---|
| control field | 1141713 |
| 003 - CONTROL NUMBER IDENTIFIER | |
| control field | 0000 |
| 005 - DATE AND TIME OF LATEST TRANSACTION | |
| control field | 20260313123725.0 |
| 008 - FIXED-LENGTH DATA ELEMENTS--GENERAL INFORMATION | |
| fixed length control field | 950404s1996 paua b 001 0 eng c |
| 010 ## - LIBRARY OF CONGRESS CONTROL NUMBER | |
| LC control number | 95002835 |
| 020 ## - INTERNATIONAL STANDARD BOOK NUMBER | |
| International Standard Book Number | 9781975221133 |
| 035 ## - SYSTEM CONTROL NUMBER | |
| System control number | 1141713 |
| 040 ## - CATALOGING SOURCE | |
| Original cataloging agency | DNLM/DLC |
| Transcribing agency | DLC |
| Modifying agency | DLC |
| Description conventions | rda |
| 050 00 - LIBRARY OF CONGRESS CALL NUMBER | |
| Classification number | RT 41 .T46 |
| 082 00 - DEWEY DECIMAL CLASSIFICATION NUMBER | |
| Classification number | 610.73 |
| Edition number | 20 |
| 100 ## - MAIN ENTRY--PERSONAL NAME | |
| Personal name | Hinkle Janice L. |
| 245 00 - TITLE STATEMENT | |
| Title | Brunner and Suddarth's textbook of medical-surgical nursing. |
| Statement of responsibility, etc | Janice L. Hinkle et al. |
| 246 30 - VARYING FORM OF TITLE | |
| Title proper/short title | Textbook of medical-surgical nursing |
| 246 30 - VARYING FORM OF TITLE | |
| Title proper/short title | Medical-surgical nursing |
| 250 ## - EDITION STATEMENT | |
| Edition statement | 16th ed. |
| 264 ## - PUBLICATION, DISTRIBUTION, ETC. (IMPRINT) | |
| Place of publication, distribution, etc | Philadelphia : |
| Name of publisher, distributor, etc | Wolters Kluwer |
| Date of publication, distribution, etc | 2026 |
| 300 ## - PHYSICAL DESCRIPTION | |
| Extent | xxiii, 2022p. ill. |
| 336 ## - CONTENT TYPE | |
| Content type term | text |
| Content type code | txt |
| Source | rdacontent |
| 337 ## - MEDIA TYPE | |
| Media type term | unmediated |
| Media type code | n |
| Source | rdamedia |
| 338 ## - CARRIER TYPE | |
| Carrier type term | volume |
| Carrier type code | nc |
| Source | rdacarrier |
| 504 ## - BIBLIOGRAPHY, ETC. NOTE | |
| Bibliography, etc | Includes bibliographical references and index. |
| 650 #0 - SUBJECT ADDED ENTRY--TOPICAL TERM | |
| Topical term or geographic name as entry element | Nursing. |
| 650 #0 - SUBJECT ADDED ENTRY--TOPICAL TERM | |
| Topical term or geographic name as entry element | Surgical nursing. |
| 650 12 - SUBJECT ADDED ENTRY--TOPICAL TERM | |
| Topical term or geographic name as entry element | Nursing Care. |
| 650 22 - SUBJECT ADDED ENTRY--TOPICAL TERM | |
| Topical term or geographic name as entry element | Surgical Nursing. |
| 700 1# - ADDED ENTRY--PERSONAL NAME | |
| Personal name | Brunner, Lillian Sholtis. |
| 700 1# - ADDED ENTRY--PERSONAL NAME | |
| Personal name | Suddarth, Doris Smith. |
| 700 1# - ADDED ENTRY--PERSONAL NAME | |
| Personal name | Smeltzer, Suzanne C. O'Connell. |
| 700 1# - ADDED ENTRY--PERSONAL NAME | |
| Personal name | Bare, Brenda G. |
| 906 ## - LOCAL DATA ELEMENT F, LDF (RLIN) | |
| a | 7 |
| b | cbc |
| c | orignew |
| d | 1 |
| e | ocip |
| f | 19 |
| g | y-gencatlg |
| 942 ## - ADDED ENTRY ELEMENTS (KOHA) | |
| Source of classification or shelving scheme | Library of Congress Classification |
| Koha item type | Books |
| Withdrawn status | Lost status | Source of classification or shelving scheme | Damaged status | Not for loan | Permanent Location | Current Location | Date acquired | Total Checkouts | Full call number | Barcode | Date last seen | Price effective from | Koha item type |
|---|---|---|---|---|---|---|---|---|---|---|---|---|---|
| Library of Congress Classification | NILE UNIVERSITY OF NIGERIA - MAIN LIBRARY | NILE UNIVERSITY OF NIGERIA - MAIN LIBRARY | 03/13/2026 | RT 41 .T46 2026 | 0199585 | 03/13/2026 | 03/13/2026 | Books |